[Event "Quebec-ch Senior"]
[Site "Montreal CAN"]
[Date "2016.04.23"]
[Round "3.2"]
[White "Gauthier, Denis"]
[Black "Sullivan, Neil"]
[Result "1-0"]
[WhiteElo "1931"]
[BlackElo "2111"]
[PlyCount "51"]
[EventDate "2016.04.22"]
[EventType "swiss"]
[EventRounds "5"]
[EventCountry "CAN"]

1. d4 d5 2. c4 e6 3. Nc3 c5 4. cxd5 cxd4 5. Qa4+ Bd7 6. Qxd4 exd5 7. Qxd5 Nc6
8. Nf3 Nf6 9. Qd1 Bc5 10. e3 Qe7 11. Be2 O-O-O 12. O-O g5 13. b4 Nxb4 14. Qb3
Bc6 15. Nd4 Bxd4 16. exd4 Nfd5 17. a3 Nxc3 18. Bg4+ Kb8 19. axb4 Ne2+ 20. Bxe2
Qxe2 21. Qg3+ Ka8 22. Be3 Rd5 23. Qc7 a6 24. Rfc1 Rd7 25. Qb6 Qb5 26. Rxc6 1-0

[Event "Quebec-ch Senior"]
[Site "Montreal CAN"]
[Date "2016.04.23"]
[Round "3.3"]
[White "Abreu Cordero, Jose"]
[Black "Morin, Louis"]
[Result "1-0"]
[WhiteElo "2055"]
[BlackElo "1932"]
[PlyCount "145"]
[EventDate "2016.04.22"]
[EventType "swiss"]
[EventRounds "5"]
[EventCountry "CAN"]

1. e4 e5 2. Nf3 d6 3. d4 Nf6 4. Nc3 Nbd7 5. Bc4 Be7 6. O-O O-O 7. Re1 c6 8. h3
b5 9. Bf1 a6 10. a3 Qc7 11. Be3 Re8 12. Qd3 Bf8 13. dxe5 dxe5 14. Bg5 h6 15.
Bh4 Nh5 16. g4 Nc5 17. Qe3 Nf4 18. Bg3 Nce6 19. Ne2 g5 20. Qc3 Nxe2+ 21. Rxe2
Nf4 22. Bxf4 exf4 23. Qe1 c5 24. c3 Bb7 25. Nd2 Qc6 26. Bg2 Rad8 27. Rd1 Rd3
28. Nf3 Qd6 29. Rxd3 Qxd3 30. Qd2 Rd8 31. Qxd3 Rxd3 32. Kf1 Rd1+ 33. Re1 Rxe1+
34. Nxe1 f6 35. Ke2 Kf7 36. f3 Ke6 37. Bf1 Kd6 38. Nc2 Kc6 39. Kd2 a5 40. a4 b4
41. Bc4 Kb6 42. Kd3 Bd6 43. b3 Bc8 44. cxb4 axb4 45. Ne1 Be5 46. Ke2 Bc3 47.
Nd3 Be5 48. Kd2 Bc3+ 49. Kc2 Be5 50. Kd1 Bd4 51. Ke2 Be5 52. Kf2 Bd4+ 53. Kg2
Bd7 54. Nc1 Ka5 55. Ne2 Be5 56. Kf2 Kb6 57. Ke1 Bc8 58. Kd2 Ka5 59. Nc1 Kb6 60.
Kd3 Bb2 61. Kc2 Be5 62. Nd3 Bd4 63. Nb2 Be5 64. Bb5 Be6 65. Nc4+ Kc7 66. Kd3
Bd4 67. a5 Bc8 68. Nb6 Be6 69. Bc4 Bc8 70. Nd5+ Kc6 71. Nxb4+ cxb4 72. Kxd4 Kd6
73. a6 1-0

[Event "Quebec-ch Senior"]
[Site "Montreal CAN"]
[Date "2016.04.23"]
[Round "3.4"]
[White "Marchand, Jacques"]
[Black "Lesage, Philippe"]
[Result "1-0"]
[WhiteElo "1935"]
[BlackElo "1745"]
[PlyCount "73"]
[EventDate "2016.04.22"]
[EventType "swiss"]
[EventRounds "5"]
[EventCountry "CAN"]

1. e4 c5 2. c4 Nc6 3. Nc3 e6 4. g3 Nd4 5. Bg2 Ne7 6. Nge2 Nec6 7. d3 Be7 8. O-O
O-O 9. a3 d6 10. Rb1 Nxe2+ 11. Nxe2 e5 12. Nc3 Be6 13. b4 b6 14. f4 exf4 15.
gxf4 Rc8 16. b5 Nd4 17. f5 Bd7 18. Nd5 Bg5 19. f6 Bxc1 20. Rxc1 Re8 21. fxg7
Re6 22. Kh1 Rg6 23. e5 Kxg7 24. Qh5 Qg5 25. Qxg5 Rxg5 26. exd6 Rg8 27. Nf6 Rd8
28. Bd5 Be6 29. Bxe6 fxe6 30. Ne4 Rf5 31. Rg1+ Kh8 32. Rg4 Rg8 33. Rcg1 Rxg4
34. Rxg4 Rf8 35. d7 Rd8 36. Nf6 Nf5 37. Rg8+ 1-0

[Event "Quebec-ch Senior"]
[Site "Montreal CAN"]
[Date "2016.04.23"]
[Round "3.5"]
[White "Lamoureux, Yvon"]
[Black "Jean, Robert"]
[Result "1-0"]
[WhiteElo "1624"]
[BlackElo "1699"]
[PlyCount "61"]
[EventDate "2016.04.22"]
[EventType "swiss"]
[EventRounds "5"]
[EventCountry "CAN"]

1. e4 c5 2. Nf3 Nc6 3. d4 cxd4 4. Nxd4 Nf6 5. Nc3 d6 6. Be2 e5 7. Nb3 Be7 8.
O-O O-O 9. Kh1 a5 10. a4 Be6 11. g4 Bxb3 12. cxb3 Nb4 13. g5 Nd7 14. Rg1 Nb6
15. Bf3 Rc8 16. Be3 Rc6 17. h4 Na8 18. h5 Nc7 19. Nd5 Ncxd5 20. exd5 Rc2 21.
Be4 Qd7 22. Qf3 Rxb2 23. Bf5 Qd8 24. g6 Rxb3 25. gxf7+ Kh8 26. Rxg7 Kxg7 27.
Be6 h6 28. Rg1+ Bg5 29. Qf5 Qf6 30. Bxg5 Qxf5 31. Be7+ 1-0

[Event "Quebec-ch Senior"]
[Site "Montreal CAN"]
[Date "2016.04.23"]
[Round "3.6"]
[White "Millette, Sylvain"]
[Black "Bureau, Robert"]
[Result "1-0"]
[WhiteElo "1725"]
[BlackElo "1526"]
[PlyCount "45"]
[EventDate "2016.04.22"]
[EventType "swiss"]
[EventRounds "5"]
[EventCountry "CAN"]

1. e4 e5 2. Nc3 Nf6 3. Bc4 Nc6 4. d3 d6 5. f4 exf4 6. Bxf4 Be7 7. Nf3 O-O 8.
O-O Bg4 9. Qd2 Bxf3 10. Rxf3 Ne5 11. Bxe5 dxe5 12. h3 Qd4+ 13. Kh2 Rad8 14. Qe2
a6 15. Raf1 b5 16. Nd5 Nxd5 17. Bxd5 Bf6 18. Rxf6 gxf6 19. Qg4+ Kh8 20. Qf5 Rd6
21. Rf3 c6 22. Rg3 cxd5 23. Qg4 1-0

[Event "Quebec-ch Senior"]
[Site "Montreal CAN"]
[Date "2016.04.23"]
[Round "3.7"]
[White "Dubreuil, Raymond"]
[Black "Nica, Ion"]
[Result "0-1"]
[WhiteElo "1522"]
[BlackElo "1685"]
[PlyCount "76"]
[EventDate "2016.04.22"]
[EventType "swiss"]
[EventRounds "5"]
[EventCountry "CAN"]

1. Nf3 Nc6 2. c4 e5 3. Nc3 Bc5 4. g3 f5 5. d3 Nf6 6. Bg2 d6 7. a3 a6 8. O-O Nd4
9. e3 Nxf3+ 10. Bxf3 c6 11. b4 Ba7 12. Bb2 O-O 13. Qd2 Qe8 14. Be2 Qg6 15. d4
exd4 16. exd4 Ne4 17. Nxe4 fxe4 18. c5 d5 19. f3 Bh3 20. Rf2 Rae8 21. fxe4 Rxf2
22. Kxf2 Qxe4 23. Bf3 Rf8 24. Qe2 Bg4 25. Qxe4 dxe4 26. Ke3 exf3 27. Kf2 Re8
28. Re1 Rxe1 29. Kxe1 Be6 30. d5 Bxd5 31. Be5 g6 32. a4 a5 33. Bc3 axb4 34.
Bxb4 Kf7 35. a5 Ke6 36. Kf2 Be4 37. Ke3 Kd5 38. a6 bxa6 0-1

[Event "Quebec-ch Senior"]
[Site "Montreal CAN"]
[Date "2016.04.23"]
[Round "3.8"]
[White "Brunet, Guy"]
[Black "Taylor, Paul"]
[Result "1-0"]
[WhiteElo "1540"]
[BlackElo "1421"]
[PlyCount "73"]
[EventDate "2016.04.22"]
[EventType "swiss"]
[EventRounds "5"]
[EventCountry "CAN"]

1. d4 Nf6 2. Nf3 d5 3. Bf4 Nh5 4. Be5 f6 5. Bg3 Bf5 6. e3 c6 7. Bxb8 Rxb8 8.
Nh4 Bg6 9. Nxg6 hxg6 10. g4 Qd6 11. c3 Ng3 12. fxg3 Rxh2 13. Rxh2 Qxg3+ 14. Rf2
Qxe3+ 15. Be2 e5 16. Qd2 Qg3 17. Qd3 Qh4 18. Qxg6+ Ke7 19. dxe5 fxe5 20. Qf7+
Kd6 21. Nd2 Be7 22. O-O-O Rf8 23. Qg6+ Rf6 24. Rxf6+ gxf6 25. Qf5 Bf8 26. g5
Bg7 27. gxf6 Bxf6 28. Ne4+ Ke7 29. Qxf6+ Qxf6 30. Nxf6 Kxf6 31. Kd2 e4 32. Ke3
Ke5 33. b4 b6 34. a4 c5 35. bxc5 bxc5 36. Ba6 Kf5 37. Rxd5+ 1-0

[Event "Quebec-ch Senior"]
[Site "Montreal CAN"]
[Date "2016.04.23"]
[Round "3.9"]
[White "Molloy, Francis"]
[Black "Langlois, Jean-Marie"]
[Result "1/2-1/2"]
[WhiteElo "1533"]
[BlackElo "1356"]
[PlyCount "32"]
[EventDate "2016.04.22"]
[EventType "swiss"]
[EventRounds "5"]
[EventCountry "CAN"]

1. Nf3 d5 2. d4 e6 3. c4 Be7 4. e3 Nf6 5. Qb3 c6 6. cxd5 cxd5 7. Bb5+ Bd7 8.
Ne5 Qc7 9. Bxd7+ Nbxd7 10. O-O Nxe5 11. dxe5 Nd7 12. f4 O-O 13. Qc3 Qb6 14. Qb3
Qc7 15. Qc3 Qb6 16. Qb3 Qc7 1/2-1/2

[Event "Quebec-ch Senior"]
[Site "Montreal CAN"]
[Date "2016.04.23"]
[Round "3.10"]
[White "Bedard, Michel"]
[Black "Sonn, Eric"]
[Result "0-1"]
[WhiteElo "1556"]
[BlackElo "1513"]
[PlyCount "130"]
[EventDate "2016.04.22"]
[EventType "swiss"]
[EventRounds "5"]
[EventCountry "CAN"]

1. d4 Nf6 2. c4 g6 3. Nc3 Bg7 4. e4 d6 5. Nf3 O-O 6. h3 e5 7. dxe5 dxe5 8. Bg5
Qe8 9. Bxf6 Bxf6 10. Nd5 Bd8 11. Qc2 c6 12. Nc3 Nd7 13. O-O-O a6 14. h4 b5 15.
h5 b4 16. Ne2 Nc5 17. hxg6 fxg6 18. Ng3 b3 19. axb3 Rb8 20. Rd3 Nxd3+ 21. Bxd3
Bf6 22. c5 Be6 23. Bc4 Bxc4 24. Qxc4+ Qf7 25. Kc2 Qxc4+ 26. bxc4 Rb4 27. b3
Rfb8 28. Rb1 a5 29. Ne2 a4 30. Nc1 Bg7 31. Ne1 axb3+ 32. Kc3 b2 33. Ncd3 Rb3+
34. Kc2 Kf7 35. Rxb2 Rxb2+ 36. Nxb2 Ke6 37. Nbd3 g5 38. Nf3 h6 39. Nd2 g4 40.
Kc3 Bf6 41. Nb4 Kd7 42. Nb3 Ra8 43. Nc2 h5 44. Ne3 Bg5 45. Nc2 Rf8 46. Ne1 Rxf2
47. Nd3 Rxg2 48. Nxe5+ Kc7 49. Nf7 Be7 50. Nd4 Bxc5 51. Ne6+ Kb6 52. Ne5 Rg3+
53. Kd2 Ba3 54. Nd7+ Kb7 55. Ke2 Be7 56. Kf2 Ra3 57. Ne5 Bh4+ 58. Kg2 Ra2+ 59.
Kh1 Be7 60. Nd3 h4 61. Nef4 h3 62. e5 Bh4 63. Nc5+ Kc8 64. Ne4 Kd8 65. c5 Ra4
0-1

[Event "Quebec-ch Senior"]
[Site "Montreal CAN"]
[Date "2016.04.23"]
[Round "3.12"]
[White "Blouin, Francois"]
[Black "Lemieux, Serge"]
[Result "0-1"]
[WhiteElo "1600"]
[BlackElo "1579"]
[PlyCount "86"]
[EventDate "2016.04.22"]
[EventType "swiss"]
[EventRounds "5"]
[EventCountry "CAN"]

1. c4 c5 2. e3 e5 3. Nc3 Nf6 4. d3 Nc6 5. g3 d6 6. Bg2 Be7 7. Nge2 Rb8 8. O-O
O-O 9. f4 exf4 10. Nxf4 Ne5 11. Nfd5 Be6 12. b3 Bg4 13. Qd2 Nxd5 14. Nxd5 Be6
15. Bb2 Bxd5 16. Bxd5 Bf6 17. Rab1 Ng4 18. Rf4 Bxb2 19. Qxb2 Nxe3 20. Re1 Nxd5
21. cxd5 Qd7 22. Qc2 b5 23. Rh4 Qf5 24. Rf4 Qxd5 25. Rfe4 Qa8 26. Re7 Rbe8 27.
Qe2 Rxe7 28. Qxe7 Qd5 29. Qe4 Qg5 30. Qe8 a6 31. Qd7 Qd5 32. Re8 g6 33. Rxf8+
Kxf8 34. Qc8+ Kg7 35. Qxa6 Qd4+ 36. Kg2 Qxd3 37. h4 Qe2+ 38. Kh3 Qe6+ 39. Kg2
b4 40. a3 bxa3 41. Qxa3 Qd5+ 42. Kh3 Qh1+ 43. Kg4 f5+ 0-1

[Event "Quebec-ch Senior"]
[Site "Montreal CAN"]
[Date "2016.04.23"]
[Round "3.13"]
[White "Bergeron, Jean-Guy"]
[Black "Pincince, Jacques"]
[Result "0-1"]
[WhiteElo "1433"]
[BlackElo "1416"]
[PlyCount "81"]
[EventDate "2016.04.22"]
[EventType "swiss"]
[EventRounds "5"]
[EventCountry "CAN"]

1. c4 Nf6 2. Nc3 g6 3. d4 d6 4. e4 Bg7 5. Be2 O-O 6. Nf3 c5 7. d5 Nbd7 8. O-O
a6 9. Bd2 Nb6 10. Rb1 Ne8 11. Qc1 f5 12. Bh6 e5 13. dxe6 Bxe6 14. Bxg7 Nxg7 15.
Nd5 fxe4 16. Ng5 Bxd5 17. cxd5 Qe7 18. Qd2 Rf5 19. f4 h6 20. Nh3 Qf7 21. Rbd1
Re8 22. b3 Rf6 23. g4 Qe7 24. g5 hxg5 25. Nxg5 Nf5 26. Qb2 Ne3 27. Rde1 Nxf1
28. Rxf1 Rf5 29. Bg4 Nxd5 30. Bxf5 gxf5 31. Qg2 Ne3 32. Qg3 Nxf1 33. Kxf1 Qg7
34. Qf2 e3 35. Qe2 d5 36. h4 Qa1+ 37. Kg2 Qc1 38. h5 Qd2 39. Kf3 Qxe2+ 40. Kxe2
d4 41. h6 0-1

[Event "Quebec-ch Senior"]
[Site "Montreal CAN"]
[Date "2016.04.24"]
[Round "4.3"]
[White "Nunez, Omar"]
[Black "Marchand, Jacques"]
[Result "1-0"]
[WhiteElo "1935"]
[BlackElo "1745"]
[PlyCount "53"]
[EventDate "2016.04.22"]
[EventType "swiss"]
[EventRounds "5"]
[EventCountry "CAN"]

1. f4 e5 2. fxe5 d6 3. exd6 Bxd6 4. Nf3 Nf6 5. d4 Nc6 6. Bg5 Bg4 7. Nbd2 Qe7 8.
c3 h6 9. Bh4 g5 10. Bf2 Bf5 11. Qb3 Nd8 12. Qb5+ Bd7 13. Qd3 Ne6 14. g3 Ng4 15.
Bg2 c5 16. d5 Ng7 17. O-O-O O-O 18. e4 f5 19. e5 Nxe5 20. Nxe5 Qxe5 21. Nc4 Qf6
22. Nxd6 Qxd6 23. h4 f4 24. hxg5 hxg5 25. Qh7+ Kf7 26. Rh6 Qe7 27. d6 1-0

[Event "Quebec-ch Senior"]
[Site "Montreal CAN"]
[Date "2016.04.24"]
[Round "4.4"]
[White "Nica, Ion"]
[Black "Millette, Sylvain"]
[Result "1/2-1/2"]
[WhiteElo "1685"]
[BlackElo "1725"]
[PlyCount "23"]
[EventDate "2016.04.22"]
[EventType "swiss"]
[EventRounds "5"]
[EventCountry "CAN"]

1. d4 Nf6 2. Bg5 e6 3. Nf3 Be7 4. e3 d5 5. Bd3 c5 6. c3 Nc6 7. Nbd2 cxd4 8.
exd4 Bd7 9. O-O O-O 10. Ne5 Nxe5 11. dxe5 Ne8 12. Bxe7 1/2-1/2

[Event "Quebec-ch Senior"]
[Site "Montreal CAN"]
[Date "2016.04.24"]
[Round "4.5"]
[White "Sonn, Eric"]
[Black "Brunet, Guy"]
[Result "0-1"]
[WhiteElo "1513"]
[BlackElo "1540"]
[PlyCount "53"]
[EventDate "2016.04.22"]
[EventType "swiss"]
[EventRounds "5"]
[EventCountry "CAN"]

1. e4 d5 2. exd5 Qxd5 3. Nf3 Bg4 4. Be2 e6 5. O-O Nf6 6. d4 c6 7. c4 Qa5 8. Nc3
Be7 9. h3 Bf5 10. Bf4 O-O 11. Qb3 Qb4 12. Qxb4 Bxb4 13. Rfc1 Nbd7 14. Nh4 Be4
15. Nxe4 Nxe4 16. Nf3 Rfd8 17. a3 Bd6 18. Bxd6 Nxd6 19. Nd2 Nf6 20. Bf3 Nf5 21.
d5 exd5 22. cxd5 Nxd5 23. Nc4 Nd4 24. Bd1 Nf4 25. Kf1 Re8 26. b4 Nd3 27. Rc3
0-1

[Event "Quebec-ch Senior"]
[Site "Montreal CAN"]
[Date "2016.04.24"]
[Round "4.7"]
[White "Lesage, Philippe"]
[Black "Molloy, Francis"]
[Result "1-0"]
[WhiteElo "1745"]
[BlackElo "1533"]
[PlyCount "47"]
[EventDate "2016.04.22"]
[EventType "swiss"]
[EventRounds "5"]
[EventCountry "CAN"]

1. Nf3 d5 2. c4 e6 3. g3 Nf6 4. Bg2 Be7 5. O-O O-O 6. d4 dxc4 7. Ne5 c5 8. dxc5
Qc7 9. Nxc4 Rd8 10. Qb3 Bxc5 11. Bf4 Qe7 12. Nc3 Nh5 13. Be3 Bxe3 14. Nxe3 Na6
15. Rad1 Rxd1 16. Rxd1 Rb8 17. Qa4 b5 18. Qd4 f5 19. Qe5 Bb7 20. Nxf5 Qf6 21.
Qxf6 Nxf6 22. Bxb7 Rxb7 23. Rd8+ Kf7 24. Nd6+ 1-0

[Event "Quebec-ch Senior"]
[Site "Montreal CAN"]
[Date "2016.04.23"]
[Round "4.8"]
[White "Michaud, Luc"]
[Black "Langlois, Jean-Marie"]
[Result "1/2-1/2"]
[WhiteElo "1608"]
[BlackElo "1356"]
[PlyCount "63"]
[EventDate "2016.04.22"]
[EventType "swiss"]
[EventRounds "5"]
[EventCountry "CAN"]

1. d4 d5 2. c4 e6 3. Nf3 Be7 4. Nc3 Nf6 5. Bg5 O-O 6. e3 h6 7. Bh4 b6 8. cxd5
exd5 9. Bd3 Bb7 10. Qc2 Nbd7 11. O-O c5 12. Rac1 c4 13. Be2 Rc8 14. Nd2 Ne4 15.
Bxe7 Qxe7 16. Ncxe4 dxe4 17. Qa4 a6 18. Qd1 b5 19. Nb1 Nf6 20. a3 Rfd8 21. Qd2
Rc7 22. Rc2 Rdc8 23. Rfc1 Qd6 24. Nc3 Qd7 25. h3 Qf5 26. Na2 Qd7 27. Qa5 Qd6
28. Bd1 g6 29. Qd2 h5 30. Be2 Nd5 31. Rf1 Re7 32. Rfc1 1/2-1/2

[Event "Quebec-ch Senior"]
[Site "Montreal CAN"]
[Date "2016.04.24"]
[Round "4.9"]
[White "Jean, Robert"]
[Black "Dubreuil, Raymond"]
[Result "1-0"]
[WhiteElo "1699"]
[BlackElo "1522"]
[PlyCount "99"]
[EventDate "2016.04.22"]
[EventType "swiss"]
[EventRounds "5"]
[EventCountry "CAN"]

1. d4 Nf6 2. c4 g6 3. Nc3 d5 4. Bf4 Bg7 5. e3 a6 6. h3 O-O 7. Nf3 b6 8. cxd5
Nxd5 9. Nxd5 Qxd5 10. Bxc7 Nd7 11. Bd3 b5 12. e4 Qb7 13. Rc1 Nb6 14. Bf4 Nc4
15. b3 Nb2 16. Qe2 Nxd3+ 17. Qxd3 Qb6 18. O-O Bb7 19. d5 Rac8 20. Qd2 b4 21.
Ne5 Qb5 22. Nc4 Bc3 23. Qe3 Rxc4 24. bxc4 Qxc4 25. Be5 Rc8 26. Bxc3 bxc3 27.
Rc2 Qa4 28. Rxc3 Rxc3 29. Qxc3 Qxe4 30. Qd2 Bxd5 31. f3 Qc4 32. a4 e6 33. a5
Qa2 34. Qxa2 Bxa2 35. Kf2 Kf8 36. Rc1 Bd5 37. Rc7 Ke8 38. f4 h5 39. g3 Be4 40.
h4 Bd3 41. Ke3 Bb5 42. Kd4 Bd7 43. Ra7 Bb5 44. Ke5 Bc4 45. Kf6 Kd8 46. Rxf7 e5
47. Rf8+ Kd7 48. fxe5 Bd5 49. Rb8 Kc7 50. Rb6 1-0

[Event "Quebec-ch Senior"]
[Site "Montreal CAN"]
[Date "2016.04.24"]
[Round "4.10"]
[White "Bureau, Robert"]
[Black "Taylor, Paul"]
[Result "1-0"]
[WhiteElo "1526"]
[BlackElo "1421"]
[PlyCount "87"]
[EventDate "2016.04.22"]
[EventType "swiss"]
[EventRounds "5"]
[EventCountry "CAN"]

1. e4 Nf6 2. e5 Nd5 3. c4 Nb6 4. Nf3 d6 5. Nc3 Nc6 6. d4 Bg4 7. exd6 exd6 8.
Be3 Qe7 9. Qe2 h6 10. O-O-O Bf5 11. Bf4 O-O-O 12. Qxe7 Nxe7 13. d5 g5 14. Be3
Bg4 15. Bd4 Bxf3 16. gxf3 Rg8 17. Bf6 Rg6 18. Ne4 Re8 19. Bd3 Ng8 20. Bd4 Bg7
21. Bxg7 Rxg7 22. Rhe1 Nd7 23. Nxd6+ cxd6 24. Rxe8+ Kc7 25. Bf5 Ne5 26. Rc8+
Kb6 27. Bg4 Ne7 28. Rh8 Rg6 29. b3 Rf6 30. Rd2 a5 31. Rh7 Kc5 32. Kc2 Kb4 33.
Kb2 Kc5 34. Rh8 b6 35. Rb8 Rg6 36. Rb7 Nxc4+ 37. bxc4 Kxc4 38. Rxe7 Rf6 39.
Rc7+ Kb5 40. Rd3 Rf4 41. Rb3+ Rb4 42. Rxb4+ Kxb4 43. Bd7 a4 44. a3+ 1-0

[Event "Quebec-ch Senior"]
[Site "Montreal CAN"]
[Date "2016.04.24"]
[Round "4.11"]
[White "Pincince, Jacques"]
[Black "Nanescu, Marin"]
[Result "1/2-1/2"]
[WhiteElo "1416"]
[BlackElo "1433"]
[PlyCount "76"]
[EventDate "2016.04.22"]
[EventType "swiss"]
[EventRounds "5"]
[EventCountry "CAN"]

1. e4 Nc6 2. Nf3 e6 3. d4 a6 4. a3 Be7 5. Bd3 d6 6. Nc3 e5 7. Be3 exd4 8. Nxd4
Ne5 9. h3 Nf6 10. Be2 h6 11. Qd2 c6 12. f4 Ned7 13. Nf5 Rg8 14. Nxd6+ Bxd6 15.
Qxd6 Qe7 16. Qd3 Nc5 17. Bxc5 Qxc5 18. O-O-O Bd7 19. Na4 Qe7 20. Nb6 Rd8 21. e5
Nd5 22. Nxd5 cxd5 23. Bf3 Bc6 24. Rhe1 g6 25. Qb3 Qe6 26. Bg4 Qe7 27. e6 f6 28.
Bf3 Rd6 29. Bxd5 Bxd5 30. Rxd5 Rxe6 31. Red1 Re1 32. R5d3 Rxd1+ 33. Kxd1 Kf8
34. Qb6 Kg7 35. Qf2 Re8 36. Qd2 Qe4 37. Rd7+ Re7 38. Rd4 Qe6 1/2-1/2

[Event "Quebec-ch Senior"]
[Site "Montreal CAN"]
[Date "2016.04.24"]
[Round "4.12"]
[White "Brule, Daniel"]
[Black "Bedard, Michel"]
[Result "1-0"]
[WhiteElo "1501"]
[BlackElo "1556"]
[PlyCount "146"]
[EventDate "2016.04.22"]
[EventType "swiss"]
[EventRounds "5"]
[EventCountry "CAN"]

1. e4 e5 2. f4 exf4 3. Bc4 Qh4+ 4. Kf1 d6 5. d4 Be7 6. Nf3 Bg4 7. Bxf4 Qh5 8.
Nbd2 Nd7 9. Kg1 h6 10. h3 Bxf3 11. Nxf3 Qa5 12. e5 dxe5 13. dxe5 Qc5+ 14. Qd4
Qxd4+ 15. Nxd4 g5 16. Bg3 Bc5 17. c3 Nb6 18. Bb3 O-O-O 19. Rd1 f5 20. Be6+ Kb8
21. Bxf5 Ne7 22. Bc2 Nbd5 23. Bf2 Bxd4 24. cxd4 Nf4 25. Kh2 Rhf8 26. Be3 Nfd5
27. Bc1 Rf2 28. Rd2 Rdf8 29. Rxf2 Rxf2 30. Be4 c6 31. Kg3 Rf8 32. Bd3 Nf5+ 33.
Bxf5 Rxf5 34. h4 gxh4+ 35. Rxh4 h5 36. Bf4 Kc8 37. Kf3 Kd7 38. Ke4 Rf7 39. g3
Rh7 40. g4 Nxf4 41. Kxf4 Rf7+ 42. Ke4 hxg4 43. Rxg4 b6 44. Rf4 Re7 45. b4 b5
46. Rf6 Kc7 47. Kf5 Rd7 48. Ke4 a6 49. e6 Rd5 50. Rf7+ Kd6 51. e7 Kd7 52. Rf6
Rh5 53. Rxc6 Rh4+ 54. Ke5 Rh5+ 55. Kf6 Rh6+ 56. Kf7 Rh7+ 57. Kg8 Rxe7 58. Rxa6
Re4 59. Ra5 Rxd4 60. Rxb5 Kc6 61. a4 Rd1 62. Rc5+ Kb6 63. a5+ Kb7 64. Kf7 Re1
65. Kf6 Re4 66. b5 Re1 67. b6 Ka6 68. Rd5 Re2 69. Re5 Rc2 70. Ke6 Kb7 71. Kd6
Rc1 72. Re7+ Kb8 73. a6 Rd1+ 1-0

[Event "Quebec-ch Senior"]
[Site "Montreal CAN"]
[Date "2016.04.24"]
[Round "5.2"]
[White "Brunet, Guy"]
[Black "Nunez, Omar"]
[Result "1-0"]
[WhiteElo "1540"]
[BlackElo "1935"]
[PlyCount "47"]
[EventDate "2016.04.22"]
[EventType "swiss"]
[EventRounds "5"]
[EventCountry "CAN"]

1. d4 c5 2. c3 cxd4 3. cxd4 d5 4. Nf3 Nc6 5. e3 a6 6. Nc3 Bf5 7. a3 Nf6 8. Bd3
Bxd3 9. Qxd3 e6 10. O-O Bd6 11. Bd2 O-O 12. Rac1 Rc8 13. Na4 Ne4 14. Nc5 Bxc5
15. dxc5 e5 16. b4 Nxf2 17. Rxf2 e4 18. Qc3 exf3 19. Rxf3 f6 20. Rcf1 Ne5 21.
Rf5 Qd7 22. Qd4 b6 23. cxb6 Rc4 24. Qxe5 1-0

[Event "Quebec-ch Senior"]
[Site "Montreal CAN"]
[Date "2016.04.24"]
[Round "5.3"]
[White "Abreu Cordero, Jose"]
[Black "Gauthier, Denis"]
[Result "0-1"]
[WhiteElo "2055"]
[BlackElo "1931"]
[PlyCount "91"]
[EventDate "2016.04.22"]
[EventType "swiss"]
[EventRounds "5"]
[EventCountry "CAN"]

1. c4 e5 2. Nc3 Nc6 3. g3 f5 4. d3 Nf6 5. Bg2 Bb4 6. a3 Bxc3+ 7. bxc3 d6 8. e3
O-O 9. Ne2 Be6 10. Qa4 d5 11. cxd5 Bxd5 12. f3 Bf7 13. d4 Nd5 14. Qc2 exd4 15.
cxd4 Qe7 16. e4 fxe4 17. fxe4 Bg6 18. Qc5 Qxc5 19. dxc5 Rae8 20. exd5 Nd4 21.
Ra2 Bh5 22. Bf1 Bf3 23. Rg1 Bxd5 24. Rb2 Nf3+ 25. Kf2 Nxh2+ 26. Bf4 Nxf1 27.
Kxf1 g5 28. Kf2 gxf4 29. gxf4+ Kh8 30. Rb4 Re4 31. Rxe4 Bxe4 32. Ke3 Re8 33.
Kd4 Bc6 34. Nc3 Rg8 35. Rf1 Kg7 36. Rg1+ Kf7 37. Rxg8 Kxg8 38. f5 Kf7 39. Ke5
h5 40. Ne2 h4 41. Nf4 Bg2 42. Ne6 h3 43. Ng5+ Kg8 44. f6 h2 45. f7+ Kg7 46.
Ne6+ 0-1

[Event "Quebec-ch Senior"]
[Site "Montreal CAN"]
[Date "2016.04.24"]
[Round "5.4"]
[White "Millette, Sylvain"]
[Black "Lesage, Philippe"]
[Result "1/2-1/2"]
[WhiteElo "1725"]
[BlackElo "1745"]
[PlyCount "68"]
[EventDate "2016.04.22"]
[EventType "swiss"]
[EventRounds "5"]
[EventCountry "CAN"]

1. e4 c5 2. d4 cxd4 3. c3 g6 4. cxd4 Bg7 5. Bc4 Nc6 6. Qf3 e6 7. Ne2 Qb6 8. O-O
Nxd4 9. Nxd4 Qxd4 10. Bb3 Nf6 11. Nc3 O-O 12. Be3 Qe5 13. Rfd1 d5 14. exd5 exd5
15. Nxd5 Nxd5 16. Bxd5 Qxb2 17. Bc5 Bf5 18. Bxf8 Rxf8 19. Be4 Be6 20. Rab1 Qxa2
21. Bxb7 a5 22. Bd5 Bxd5 23. Qxd5 Qxd5 24. Rxd5 Bc3 25. Rb7 Re8 26. g3 Re6 27.
Rdd7 Rf6 28. f4 h5 29. Rb8+ Kg7 30. Rdd8 Re6 31. Kf2 Re7 32. Rdc8 Bb4 33. Rg8+
Kf6 34. h3 Bc5+ 1/2-1/2

[Event "Quebec-ch Senior"]
[Site "Montreal CAN"]
[Date "2016.04.24"]
[Round "5.5"]
[White "Michaud, Luc"]
[Black "Morin, Louis"]
[Result "0-1"]
[WhiteElo "1608"]
[BlackElo "1932"]
[PlyCount "70"]
[EventDate "2016.04.22"]
[EventType "swiss"]
[EventRounds "5"]
[EventCountry "CAN"]

1. d4 e5 2. dxe5 Nc6 3. Nf3 Qe7 4. Bf4 Qb4+ 5. Bd2 Qxb2 6. Nc3 Bb4 7. Rb1 Qa3
8. Rb3 Qa5 9. Qb1 Nge7 10. e4 O-O 11. Bd3 a6 12. O-O Ng6 13. Rd1 Bxc3 14. Bxc3
Qc5 15. Bb2 Re8 16. Qa1 Ngxe5 17. Nxe5 Nxe5 18. Bd4 Qe7 19. Qc3 d6 20. Be2 c5
21. Be3 b5 22. Qd2 Be6 23. Rb2 Bc4 24. Bf3 Rad8 25. Bg5 f6 26. Bf4 g5 27. Bxe5
dxe5 28. Qc1 Rxd1+ 29. Qxd1 Rd8 30. Qe1 b4 31. Be2 Bxe2 32. Qxe2 Qd6 33. Rb1
Kg7 34. Kf1 Qb6 35. Ke1 Qa5 0-1

[Event "Quebec-ch Senior"]
[Site "Montreal CAN"]
[Date "2016.04.24"]
[Round "5.6"]
[White "Lemieux, Serge"]
[Black "Jean, Robert"]
[Result "0-1"]
[WhiteElo "1579"]
[BlackElo "1699"]
[PlyCount "114"]
[EventDate "2016.04.22"]
[EventType "swiss"]
[EventRounds "5"]
[EventCountry "CAN"]

1. d4 Nf6 2. Bg5 e6 3. e4 Be7 4. Nc3 h6 5. Bxf6 Bxf6 6. e5 Be7 7. f4 d6 8. Nf3
b6 9. Bb5+ c6 10. Be2 Ba6 11. Bxa6 Nxa6 12. Qe2 Nc7 13. exd6 Qxd6 14. Ne4 Qb4+
15. c3 Qb5 16. c4 Qa5+ 17. Nfd2 O-O 18. O-O Rad8 19. Nb3 Qa6 20. Qc2 Qc8 21.
Rae1 f5 22. Ng3 Bf6 23. Rd1 Rd7 24. Nh5 Be7 25. Rf3 Qe8 26. Rh3 g6 27. Ng3 Kg7
28. Qf2 Qf7 29. Nf1 Rfd8 30. Nfd2 Bf6 31. Nf3 Qe7 32. Ne5 Bxe5 33. fxe5 c5 34.
Rhd3 a5 35. a3 a4 36. Nc1 Na6 37. Ne2 Nb8 38. Nf4 cxd4 39. Qg3 g5 40. Nh5+ Kg6
41. Nf6 Rc7 42. Rxd4 Rxd4 43. Rxd4 Qc5 44. Qe3 Nc6 45. Rd3 Qxe3+ 46. Rxe3 Nxe5
47. Rxe5 Kxf6 48. Rb5 Rxc4 49. Rxb6 h5 50. Rb5 h4 51. Kf2 g4 52. Ke3 Rc2 53. g3
Rxh2 54. gxh4 Rh3+ 55. Kf2 Rxh4 56. Kg2 Rh3 57. Rb4 Rd3 0-1

[Event "Quebec-ch Senior"]
[Site "Montreal CAN"]
[Date "2016.04.24"]
[Round "5.7"]
[White "Bureau, Robert"]
[Black "Brule, Daniel"]
[Result "0-1"]
[WhiteElo "1526"]
[BlackElo "1501"]
[PlyCount "52"]
[EventDate "2016.04.22"]
[EventType "swiss"]
[EventRounds "5"]
[EventCountry "CAN"]

1. e4 d6 2. d4 Nf6 3. Nc3 g6 4. Nf3 Bg7 5. h3 c6 6. Bc4 b5 7. Bd3 Be6 8. O-O
O-O 9. Bd2 Nbd7 10. Qc1 b4 11. Ne2 a5 12. Nf4 Qb6 13. Nxe6 fxe6 14. Be3 c5 15.
e5 dxe5 16. dxe5 Nd5 17. Bh6 Rxf3 18. gxf3 Nxe5 19. Kg2 Rf8 20. Be4 Nf6 21.
Bxg7 Kxg7 22. Qg5 Qc7 23. Rfe1 Nh5 24. Bxg6 Nf4+ 25. Kg3 Nexg6 26. Qg4 h5 0-1